Państwa najbliższe Palau według dwóch pierwszych liter - Statystyki

Ogólne statystyki
  • Ten quiz został rozwiązany 52 razy
    50 od ostatniego zresetowania
  • Średni wynik to 8 z 20
Statystyki odpowiedzi
km Państwo % Poprawnych
1 554 Australia
73%
3 213 Wyspy Marshalla
62%
1 338 Malezja
54%
256 Indonezja
51%
2 467 Chiny
49%
662 Filipiny
49%
3 033 Laos
46%
2 679 Wyspy Salomona
43%
106 Mikronezja
41%
3 405 Nauru
41%
2 170 Tajwan
41%
2 804 Wietnam
41%
2 126 Japonia
35%
2 996 Kambodża
35%
1 334 Timor Wschodni
30%
926 Stany Zjednoczone (Guam)
27%
3 161 Singapur
22%
3 392 Korea Północna
19%
2 909 Korea Południowa
19%
1 756 Brunei
16%
Nie znaleziono quizów pasujących do podanych kryteriów
Rozkład punktacji
Procent ludzi z każdym wynikiem
Percentyl według liczby udzielonych odpowiedzi
Twoja historia wyników
Nie rozwiązałeś tego quizu od ostatniego zresetowania